00321pab a2200121 454500008004000000100001700040245006500057260000900122300001300131362001100144650001000155773003400165180718b2010 xxu||||| |||| 00| 0 eng d aMenon, Meena aChronicle of communal riots in Bombay presidency (1893-1945) c2010 ap.63-72. a20 Nov aRiots aEconomic and Political Weekly